Nuevos temas de derecho notarial / (Record no. 48035)

MARC details
000 -LEADER
fixed length control field 00604nam a22001937a 4500
008 - FIXED-LENGTH DATA ELEMENTS--GENERAL INFORMATION
fixed length control field 140127t mx||||| |||| 00| 0 spa d
020 ## - INTERNATIONAL STANDARD BOOK NUMBER
International Standard Book Number 9700734005
050 04 - LIBRARY OF CONGRESS CALL NUMBER
Classification number KGF250.N9
Item number R85 2002
100 1# - MAIN ENTRY--PERSONAL NAME
Personal name Ruibal Corella, Juan Antonio
245 10 - TITLE STATEMENT
Title Nuevos temas de derecho notarial /
Statement of responsibility, etc Juan Antonio Ruibal Corella.
250 ## - EDITION STATEMENT
Edition statement 2a ed.
260 ## - PUBLICATION, DISTRIBUTION, ETC. (IMPRINT)
Place of publication, distribution, etc México :
Name of publisher, distributor, etc Porrúa,
Date of publication, distribution, etc c2002
300 ## - PHYSICAL DESCRIPTION
Extent xiv, 181 p. ;
Dimensions 21 cm.
504 ## - BIBLIOGRAPHY, ETC. NOTE
Bibliography, etc Bibliografía : p. 169 - 176
504 ## - BIBLIOGRAPHY, ETC. NOTE
Bibliography, etc Incluye índice
650 #7 - SUBJECT ADDED ENTRY--TOPICAL TERM
Source of heading or term Lemb
Topical term or geographic name as entry element Notarios
General subdivision Legislación
Geographic subdivision México
650 #7 - SUBJECT ADDED ENTRY--TOPICAL TERM
Source of heading or term Lemb
Topical term or geographic name as entry element Derecho notarial
Geographic subdivision México
942 ## - ADDED ENTRY ELEMENTS (KOHA)
Source of classification or shelving scheme Clasificación Decimal Dewey
Koha item type Libro
Holdings
Estado de pérdida Fuente de clasificación Estado del daño No para préstamo Ubicación permanente Ubicación actual Apartado o colección Fecha de adquisición Fuente de adquisición Edición Enumeración de Serie / Cronológica Dependencia de educación superior (DES) Área del conocimiento Clasificación Código de Barras Date last seen Número de copia Tipo de recurso Total Checkouts Date checked out Nota pública
  Biblioteca del Cogreso de los Estados Unidos     Biblioteca de la Facultad de Derecho y Ciencias Sociales "Felipe J. Tena" Biblioteca de la Facultad de Derecho y Ciencias Sociales "Felipe J. Tena" General 27/01/2014 FOMES 2003 2a ed. BFD000004382 Derecho Ciencias Sociales y Administrativas KGF250.N9 R85 2002 2A ED. BFD000004382 16/01/2015 1 Libro      
  Biblioteca del Cogreso de los Estados Unidos     Biblioteca de la Facultad de Derecho y Ciencias Sociales "Felipe J. Tena" Biblioteca de la Facultad de Derecho y Ciencias Sociales "Felipe J. Tena" General 27/01/2014 FOMES 2003 2a ed. BFD000004383 Derecho Ciencias Sociales y Administrativas KGF250.N9 R85 2002 2A ED. BFD000004383 16/01/2015 2 Libro      
  Biblioteca del Cogreso de los Estados Unidos     Biblioteca de la Facultad de Derecho y Ciencias Sociales "Felipe J. Tena" Biblioteca de la Facultad de Derecho y Ciencias Sociales "Felipe J. Tena" General 27/01/2014 FOMES 2003 2a ed. BFD000004384 Derecho Ciencias Sociales y Administrativas KGF250.N9 R85 2002 2A ED. BFD000004384 02/10/2024 3 Libro 1 26/09/2024 l
No localizable Biblioteca del Cogreso de los Estados Unidos     Biblioteca de la Facultad de Derecho y Ciencias Sociales "Felipe J. Tena" Biblioteca de la Facultad de Derecho y Ciencias Sociales "Felipe J. Tena" General 27/01/2014 FOMES 2003 2a ed. BFD000004385 Derecho Ciencias Sociales y Administrativas KGF250.N9 C85 2002 2A ED. BFD000004385 16/01/2015 4 Libro